Catálogo público

Evaluación ambiental estratégica : un instrumento para integrar el medio ambiente en la elaboración de planes y programas / (Record no. 175127)

MARC details
000 -CABECERA
campo de control de longitud fija 01249nam a2200337Ia 4500
001 - NÚMERO DE CONTROL
campo de control dia_4464
003 - IDENTIFICADOR DEL NÚMERO DE CONTROL
campo de control CHAP
005 - FECHA Y HORA DE LA ÚLTIMA TRANSACCIÓN
campo de control 20251023170214.0
008 - DATOS DE LONGITUD FIJA--INFORMACIÓN GENERAL
campo de control de longitud fija 220117s2007 xx 000 0 und d
010 ## - NÚMERO DE CONTROL DE LA BIBLIOTECA DEL CONGRESO
Número de control de LC 175127
020 ## - NÚMERO INTERNACIONAL ESTÁNDAR DEL LIBRO
Número Internacional Estándar del Libro 978-84-8476-310-9 \ 84-8476-310-2
040 ## - FUENTE DE LA CATALOGACIÓN
Centro/agencia transcriptor CHAP
082 ## - NÚMERO DE LA CLASIFICACIÓN DECIMAL DEWEY
Número de clasificación 301.3 G66 2007
100 ## - ENTRADA PRINCIPAL--NOMBRE DE PERSONA
Nombre de persona Gómez Orea, Domingo
9 (RLIN) 49838
245 ## - MENCIÓN DE TÍTULO
Título Evaluación ambiental estratégica : un instrumento para integrar el medio ambiente en la elaboración de planes y programas /
Mención de responsabilidad, etc. Domingo Gómez Orea ; colaboración Mauricio Gómez Villarino y Alejandro Gómez Villarino
260 ## - PUBLICACIÓN, DISTRIBUCIÓN, ETC.
Lugar de publicación, distribución, etc. España :
Nombre del editor, distribuidor, etc. Mundi-Prensa,
Fecha de publicación, distribución, etc. 2007
300 ## - DESCRIPCIÓN FÍSICA
Extensión 366 p.
503 ## - NOTA DE HISTORIA BIBLIOGRÁFICA (BK CF MU) [OBSOLETO]
Nota de historia bibliográfica C/e
504 ## - NOTA DE BIBLIOGRAFÍA, ETC.
Nota de bibliografía, etc. Bibliografía: p. 361-364
590 ## - NOTA LOCAL (RLIN)
Nota local TD194.6 G66 2007
650 ## - PUNTO DE ACCESO ADICIONAL DE MATERIA--TÉRMINO DE MATERIA
Término de materia o nombre geográfico como elemento de entrada Aspectos ambientales
Subdivisión general Evaluación
9 (RLIN) 155931
650 ## - PUNTO DE ACCESO ADICIONAL DE MATERIA--TÉRMINO DE MATERIA
Término de materia o nombre geográfico como elemento de entrada Environmental impact analysis
9 (RLIN) 155932
650 ## - PUNTO DE ACCESO ADICIONAL DE MATERIA--TÉRMINO DE MATERIA
Término de materia o nombre geográfico como elemento de entrada Environmental policy
9 (RLIN) 155933
650 ## - PUNTO DE ACCESO ADICIONAL DE MATERIA--TÉRMINO DE MATERIA
Término de materia o nombre geográfico como elemento de entrada Planificación social
Subdivisión general Aspectos ambientales
-- Evaluación
9 (RLIN) 155934
700 ## - PUNTO DE ACCESO ADICIONAL--NOMBRE DE PERSONA
Nombre de persona Gómez Villarino, Alejandro
9 (RLIN) 143609
700 ## - PUNTO DE ACCESO ADICIONAL--NOMBRE DE PERSONA
Nombre de persona Gómez Villarino, Mauricio
9 (RLIN) 143610
901 ## - ELEMENTOS DE DATOS A LOCAL LDA (RLIN)
a 301.3 G66 2007
902 ## - ELEMENTOS DE DATOS B LOCAL, LDB (RLIN)
a M
905 ## - ELEMENTOS DE DATOS E LOCAL, LDE (RLIN)
a 5232272007 sp aimn8222223322spa16
942 ## - ELEMENTOS DE PUNTO DE ACCESO ADICIONAL (KOHA)
Tipo de ítem Koha Libro
Fuente del sistema de clasificación o colocación Dewey Decimal Classification
Holdings
Estado de retiro Estado de pérdida Fuente del sistema de clasificación o colocación Estado dañado No para préstamo Código de colección Localización permanente Ubicación/localización actual Ubicación en estantería Fecha de adquisición Información codificada de la localización en otra ubicación Total de préstamos Código de barras Fecha visto por última vez Número de copia Precio válido a partir de Tipo de ítem Koha
    Dewey Decimal Classification     General Ingenieria Agroindustrial Ingenieria Agroindustrial   18/01/2022 1   dia_006139 18/01/2022 1 18/01/2022 Libro